000
00296nam a2200109Ia 4500
008
171211s9999 xx 000 0 und d
245
_a
Umwickelte Armreife (kreativ.kompakt.)
245
_c
Elke Eder
260
_c
2017
650
_x
Hobbies
856
_u
http://down.ebook777.com/062/3772442587.pdf
999
_c
350343
_d
350343